Czy potrafisz odgadnąć te miasta? #5 - Statystyki

Ogólne statystyki
  • Ten quiz został rozwiązany 43 razy
  • Średni wynik to 7 z 20
Statystyki odpowiedzi
Podpowiedź Miasto % Poprawnych
Najludniejsze miasto Belgii Antwerpia
85%
Miasto znane z mostu pod Złotymi Wrotami oraz z więzienia Alcatraz San Francisco
68%
Najwyżej położona stolica świata La Paz, Sucre
55%
Końcowy punkt kolei Transsyberyjskiej Władywostok
48%
Największe miasto wyspy Luzon Manila
43%
Stolica państwa o najmniejszej gęstości zaludnienia na świecie Ułan Bator
43%
Trzecie najludniejsze miasto Ameryki Południowej, znajduje się w północnych Andach Bogota
38%
W języku ojczystym nazwa miasta brzmi Baile Átha Cliath. Leży nad rzeką Liffey. Dublin
35%
Stolica Włoch w latach 1865-1871 Florencja
35%
Ostatni gospodarz Światowych Dni Młodzieży Panama
35%
Miasto leżące u podnóża wulkanu Etoto. Znane jest też z największego w Afryce targu pod gołym niebem Addis Abeba
28%
Miasto uznawane za światową stolicę motoryzacji ze względu na bardzo rozwinięty przemysł mechaniczny Detroit
28%
Nazwa miasta w tłumaczeniu na polski to: "Święta Niedziela" Santo Domingo
23%
Europejska stolica kultury z 2011 roku wraz z fińskim Turku. Od 1219 do 1918 roku miasto nosiło nazwę Rewel Tallinn
23%
Największe miasto obszaru jeziora Wiktorii Kampala
18%
Miasto leżące nad rzeką Kammą oraz górami Ural. Jest bardzo blisko granicy Europy z Azją Perm
18%
Stolica jedynego państwa w Afryce, którego urzędowym językiem jest niemiecki Windhuk
18%
Najbardziej wieloetniczne miasto świata, zamieszkałe przez ponad 150 różnych grup etnicznych Toronto
15%
"Najmodniejsze" miasto Oceanii Brisbane
13%
Miasto dzieli się na dzielnice takie jak: Pipera, Pantelimon, Vitan czy Rahova Bukareszt
8%
Nie znaleziono quizów pasujących do podanych kryteriów
Rozkład punktacji
Procent ludzi z każdym wynikiem
Percentyl według liczby udzielonych odpowiedzi
Twoja historia wyników
Nie rozwiązałeś tego quizu